| 000 | 00417nam a22001097a 4500 | ||
|---|---|---|---|
| 008 | 110623t xxu||||| |||| 00| 0 eng d | ||
| 010 | _aHCCSF 94 | ||
| 245 | _aThe High Court Civil Suit 84/98 Gapco (U) Ltd Vs Mohamed Muwanga T/A Isa & Moses Services. | ||
| 260 | _c1998 | ||
| 500 | _aC.K. Byamugisha (Mrs) Judge 15/04/98 | ||
| 999 |
_c3753 _d3753 |
||